Marcus Simaika : (Record no. 64271)
[ view plain ]
| 000 -الفاتح | |
|---|---|
| حقل البيانات ثابتة الطول | 02908cam a22002657i 4500 |
| 005 - وقت وتاريخ اخر تعامل مع التسجيلة | |
| رقم الضبط | 20240530110723.0 |
| 008 - عناصر البيانات ثابتة الطول - معلومات عامة | |
| حقل البيانات ثابتة الطول | 171005s2017 ua h g b 001 0 eng d |
| 020 ## - الرقم الدولى المعيارى للكتب | |
| الرقم الدولى المعيارى للكتاب | 9789774168239 |
| 040 ## - مصدر الفهرسة | |
| وكالة الفهرسة الأصلية | EG-CaGPL |
| وكالة النسخ | EG-CaGPL |
| 082 04 - رقم تصنيف ديوى العشرى | |
| رقم التصنيف | 930.1092 / |
| رقم المادة | S M |
| رقم الطبعة | 21 |
| 100 1# - المدخل الرئيسى - إسم شخصى | |
| الإسم الشخصى | Simaika, Samir, |
| الدور | author. |
| 245 10 - بيان العنوان | |
| العنوان | Marcus Simaika : |
| بقية العنوان | father of Coptic archaeology / |
| بيان المسئوليه,etc | Samir Simaika, Nevine Henein ; introduced by Donald M. Reid. |
| 260 ## - PUBLICATION, DISTRIBUTION, ETC. (IMPRINT) | |
| تاريخ النشر أو التوزيع | 2017 |
| 300 ## - الوصف المادى | |
| التعداد | xxii, 201 pages : |
| تفاصيل ماديه اخرى للوعاء | illustrations ; |
| أبعاد الوعاء | 24 cm |
| 504 ## - تبصرة ببليوجرافية | |
| تبصرة ببليوجرافية,الخ | Includes bibliographical references (pages 179-181) and index. |
| 600 10 - المدخل الاضافى بالموضوع-اسم شخصى | |
| الإسم الشخصى | Simaykah, Murqus, |
| التواريخ المصاحبة للاسم | 1864-1944. |
| 651 ## - المدخل الاضافى بالموضوع - اسم جغرافى | |
| مصدر الرأس أو المصطلح | qrmak |
| 700 1# - المدخل الاضافى - اسم شخصى | |
| الإسم الشخصى | Henein, Nevine, |
| الدور | author. |
| 700 1# - المدخل الاضافى - اسم شخصى | |
| الإسم الشخصى | Reid, Donald M. |
| الشكل الأكمل للاسم | (Donald Malcolm), |
| التواريخ المصاحبة للاسم | 1940- |
| الدور | contributor. |
| 942 ## - عناصر المدخل الإضافي( كوها) | |
| مصدر التصنيف او مخطط الترفيف | Dewey Decimal Classification |
| Koha [default] item type | كتاب |
| 260 ## - PUBLICATION, DISTRIBUTION, ETC. (IMPRINT) | |
| -- | :Cairo |
| -- | The American University in Cairo Press, |
| 505 0# - تبصرة محتويات-الفهرس | |
| تبصرة المحتويات المصاغة | The Simaika family tree -- Chronology -- Acknowledgments -- Preface -- List of illustrations. Introduction / Donald M. Reid. Part 1 The early years : Cairo -- A love of learning -- A prominent family. Part 2 Service to government and nation : The state railways -- Education and legislation : The Superior Council of Education -- The Legislative COuncil and the Legislative Assembly -- Simaika and the British administrator : Lord Cromer (1883-1907) -- Sir Eldon Gorst (1907-11) -- Field Marshal Lord Kitchener (1911-14) -- Sir Henry McMahon (1914-17) -- Sir Reginald Wingate (1917-19) -- Lord Allenby (1919-25) -- Lord Lloyd (1925-29). Part 3 Service to the Coptic church and community : An ancient church : Monks and missionaries -- The Copts after the Arab conquests -- The rise of Coptic notables -- The patriarchs : Cyril IV (1854-61) -- Cyril V (1874-1927) -- Yohannes XIX (1928-42) -- The awakening of the Coptic church -- Al-Majlis al-Milli -- The Coptic and Ethiopian dispute over Deir al-Sultan in Jerusalem -- Travels in Sudan. Part 4 The Coptic Museum and heritage preservation : A crumbling heritage -- The Committee for the Preservation of Arab Art -- A new museum : The Mu'allaqa Church -- The Coptic Museum -- A state institution -- Searching for iniquities, saving libraries -- Recognition. Appendix: some Coptic social customs -- Selected bibliography -- Notes -- Index. |
| 520 ## - التبصرة الخاصة بالتعليق أو التلخيص | |
| ملخص,الخ | Draws upon Simaika's unpublished memoirs as well as on other documents and photographs from the Simaika family archive to deepen our understanding of several important themes of modern Egyptian history: the development of Coptic archaeology and heritage studies, Egyptian-British interactions during the colonial and semi-colonial eras, shifting balances in the interaction of clergymen and the lay Coptic community, and the ever-sensitive evolution of relations between Copts and their Muslim compatriots-- |
| 906 ## - عنصر بيانات محلى F, LDF (RLIN) | |
| a | 7 |
| b | cbc |
| c | copycat |
| d | 2 |
| e | ncip |
| f | 20 |
| g | y-gencatlg |
| حالة التراجع | حالة الفقد | حالة تلف | ليس للاعارة | المكان المؤقت | الموقع الحالى | موقع الترفيف | تاريخ الاكتساب | اجمالي اﻻعارات | رقم الطلب | الباركود | تاريخ اخر مشاهدة | تاريخ تفعيل السعر | نوع وعاء كوها |
|---|---|---|---|---|---|---|---|---|---|---|---|---|---|
| مكتبة القاهرة الكبرى | مكتبة القاهرة الكبرى | القاعة الرئيسية | 04/05/2018 | 930.1092 / S M | 164431 | 04/05/2018 | 04/05/2018 | كتاب |

